| 000 | 01257nam a22002777a 4500 | ||
|---|---|---|---|
| 999 |
_c389 _d389 |
||
| 003 | AR-BaISA | ||
| 005 | 20220512171357.0 | ||
| 007 | ta | ||
| 008 | 180216s2011 ag ||||| |||| 00| 0 spa d | ||
| 020 | _a9789876291675 | ||
| 040 | _cAR-BaISA | ||
| 082 | 0 | 4 |
_222 _a300.72 B388m |
| 100 | 1 | 0 |
_9795 _aBecker, Howard |
| 245 | 1 | 0 |
_aManual de escritura para científicos sociales: _bcómo empezar y terminar una tesis, un libro o un artículo / _cHoward Becker, con un capítulo escrito por Pamela Richards |
| 260 |
_aBuenos Aires: _bSiglo XXI, _c2011 |
||
| 300 | _a236 p. | ||
| 490 | 1 | _aSociología y política | |
| 500 | _aCapítulo "Riesgos", escrito por Pamela Richards | ||
| 504 | _aBibliografía p: [231]-236 | ||
| 505 |
_tRudimentos de escritura para estudiantes de posgrado. Un recuerdo y dos teorías -- _tPersona y autoridad -- _tLa única manera correcta -- _tEditar de oído -- _tAprender a escribir como un profesional -- _tRiesgos -- _t"Sacarlo a la calle" -- _tAbrumado por la bibliografía -- _tEscribir con computadora |
||
| 650 | 1 | 4 |
_9172 _aCiencias sociales _xmetodología de la investigación |
| 650 | 1 | 4 |
_9758 _aEscritos científicos |
| 700 | 1 |
_9969 _aRichards, Pamela _eaut. |
|
| 830 | 0 |
_9796 _aSociología y política |
|
| 942 |
_2ddc _cLI |
||